Revisão taxonômica do gênero Curtia (Gentianaceae) (Registro n. 328580)
[ somente texto ]
| 000 -LÍDER | |
|---|---|
| fixed length control field | 02711nab a2200253 i 4500 |
| 003 - CÓDIGO MARC DA AGÊNCIA CATALOGADORA | |
| Campo de controle | BR-BrBNA |
| 005 - DATA E HORA DA ÚLTIMA ATUALIZAÇÃO | |
| Campo de controle | 20241112105450.0 |
| 008 - CAMPO DE TAMANHO FIXO | |
| fixed length control field | 241112b2009 bl.qr|pooa||| 00| 0 por | |
| 040 ## - FONTE DA CATALOGAÇÃO | |
| Agência catalogadora | BR-BrBNA |
| Idioma da catalogação | por |
| 072 ## - CATEGORIA AGRIS | |
| Código AGRIS | F70 |
| 100 ## - ENTRADA PRINCIPAL - NOME PESSOAL | |
| Nome pessoal | Crespo, Sônia Regina de Melo |
| 100 ## - ENTRADA PRINCIPAL - NOME PESSOAL | |
| Nome pessoal | Marcondes-Ferreira, Washington |
| 245 ## - TÍTULO PRINCIPAL | |
| Título principal | Revisão taxonômica do gênero Curtia (Gentianaceae) |
| 500 ## - NOTA GERAL | |
| Nota geral | Publicação on-line; 27 ref.; 12 illus.; Summaries (En, Pt) |
| 942 ## - ADDED ENTRY ELEMENTS (KOHA) | |
| Koha item type | Analítica |
| 520 ## - NOTA DE RESUMO | |
| Nota de conteúdo | <br/><br/>RESUMO<br/><br/>(Revisão taxonômica do gênero Curtia (Gentianaceae)) A presente revisão do gênero Curtia (Gentianaceae)<br/>a qual inclui chave de identificação, descrições, ilustrações e sinônimos, reconheceu oito espécies: C.<br/>ayangannae, C. conferta, C. diffusa, C. obtusifolia, C. quadrifolia, C. tenella, C. tenuifolia e C. verticillaris.<br/>Curtia é um gênero neotropical, tendo o Brasil como seu centro de diversidade. Curtia tenella e C. tenuifolia<br/>têm ampla distribuição geográfica, ocorrendo nas Américas Central e do Sul, C. obtusifolia e C. quadrifolia<br/>concentram-se na região amazônica e C. ayangannae está restrita à Guiana. As demais espécies ocorrem no<br/>Brasil, distribuídas desde a Região Nordeste até a Região Sul. A distilia foi confirmada em C. obtusifolia e a<br/>tristilia em C. tenuifolia.<br/><br/>Palavras-chave: heterostilia, morfologia, neotrópico, taxonomia. |
| 520 ## - NOTA DE RESUMO | |
| Nota de conteúdo | <br/><br/>ABSTRACT<br/><br/>(Taxonomic revision of the genus Curtia (Gentianaceae)) The current revision of the genus Curtia<br/>(Gentianaceae), which includes a key for identification, descriptions, illustrations and synonyms, recognized<br/>eight species: C. ayangannae, C. conferta, C. diffusa, C. obtusifolia, C. quadrifolia, C. tenella, C. tenuifolia,<br/>and C. verticillaris. The genus is Neotropical with its diversity center in Brazil. Curtia tenuifolia and C.<br/>tenella have wide geographic distribution, occurring in Central and South America, C. obtusifolia and C.<br/>quadrifolia are concentrated in the Amazonian region, and C. Ayangannae is restricted to Guyana. The other<br/>species occur in Brazil, from the Northeast to the South Region. Curtia obtusifolia has been confirmed as a<br/>distylous species and C. tenuifolia as a tristylous species.<br/><br/>Key words: heterostily, morphology, neotropics, taxonomy. |
| 650 ## - ASSUNTO - THESAGRO | |
| Cabeçalho tópico ou nome geográfico | MORFOLOGIA VEGETAL |
| 650 ## - ASSUNTO - THESAGRO | |
| Cabeçalho tópico ou nome geográfico | TAXONOMIA |
| 650 ## - ASSUNTO - THESAGRO | |
| Cabeçalho tópico ou nome geográfico | GENTIANACEAE |
| 773 0# - ENTRADA ANALÍTICA | |
| Host Biblionumber | 709 |
| Registro do item | 346144 |
| Imprenta | Rio de Janeiro-RJ Jardim Botanico do Rio de Janeiro 1935 |
| Outro identificador | 2024-6791 |
| Título | Rodriguésia (Brazil) |
| ISSN | 0370-6583; 2175-7860 on-line |
| Colação | v. 60(2) p. 423-444; (2009) |
| Número de controle de registro | BR2024003538 |
| 856 ## - ACESSO E ENDEREÇO ELETRÔNICO | |
| Identificador uniforme de recurso - URI | https://www.scielo.br/j/rod/a/LxD4rGgnVPpwSsNpRsnkKZP/?format=pdf&lang=pt |
Nenhum exemplar disponível.

BINAGRI